MARC details
| 000 -LEADER |
| fixed length control field |
01445cam a2200409Ia 4500 |
| 001 - CONTROL NUMBER |
| control field |
sjds1122930 |
| 003 - CONTROL NUMBER IDENTIFIER |
| control field |
sjds |
| 005 - DATE AND TIME OF LATEST TRANSACTION |
| control field |
20170625170221.0 |
| 008 - FIXED-LENGTH DATA ELEMENTS--GENERAL INFORMATION |
| fixed length control field |
070418s2005 sp a b 000 1 spa d |
| 020 ## - INTERNATIONAL STANDARD BOOK NUMBER |
| International Standard Book Number |
8488342764 (hard) |
| 020 ## - INTERNATIONAL STANDARD BOOK NUMBER |
| International Standard Book Number |
9788488342768 (hard) |
| 035 ## - SYSTEM CONTROL NUMBER |
| System control number |
330954 |
| 035 ## - SYSTEM CONTROL NUMBER |
| System control number |
(OCoLC)123226437 |
| 035 ## - SYSTEM CONTROL NUMBER |
| System control number |
330954 |
| 040 ## - CATALOGING SOURCE |
| Original cataloging agency |
IFA |
| Transcribing agency |
IFA |
| Modifying agency |
UtOrBLW |
| 041 1# - LANGUAGE CODE |
| Language code of text/sound track or separate title |
spa |
| Language code of original |
eng |
| 049 ## - LOCAL HOLDINGS (OCLC) |
| Holding library |
IFAA |
| 099 ## - LOCAL FREE-TEXT CALL NUMBER (OCLC) |
| Classification number |
ESPANOL PICTURE BOOKS WADDELL |
| 999 ## - SYSTEM CONTROL NUMBERS (KOHA) |
| Koha Dewey Subclass [OBSOLETE] |
ESPANOL PICTURE BOOKS WADDELL |
| 100 1# - MAIN ENTRY--PERSONAL NAME |
| Personal name |
Waddell, Martin, |
| Relator term |
author. |
| 240 10 - UNIFORM TITLE |
| Uniform title |
<a href="Sleep tight, Little Bear!">Sleep tight, Little Bear!</a> |
| Language of a work |
Spanish |
| 245 10 - TITLE STATEMENT |
| Title |
Duerme bien, osito / |
| Statement of responsibility, etc. |
[Martin Waddell ; ilustraciones, Barbara Firth ; traducido por Esther Rubio]. |
| 260 ## - PUBLICATION, DISTRIBUTION, ETC. (IMPRINT) |
| Place of publication, distribution, etc. |
[Barcelona] : |
| Name of publisher, distributor, etc. |
Kókinos, |
| Date of publication, distribution, etc. |
2005. |
| 264 #1 - PRODUCTION, PUBLICATION, DISTRIBUTION, MANUFACTURE, AND COPYRIGHT NOTICE |
| Place of production, publication, distribution, manufacture |
[Barcelona] : |
| Name of producer, publisher, distributor, manufacturer |
Kókinos, |
| Date of production, publication, distribution, manufacture, or copyright notice |
2005. |
| 300 ## - PHYSICAL DESCRIPTION |
| Extent |
1 volume (unpaged) : |
| Other physical details |
color illustrations ; |
| Dimensions |
27 cm |
| 336 ## - CONTENT TYPE |
| Content type term |
text |
| Content type code |
txt |
| Source |
rdacontent |
| 337 ## - MEDIA TYPE |
| Media type term |
unmediated |
| Media type code |
n |
| Source |
rdamedia |
| 338 ## - CARRIER TYPE |
| Carrier type term |
volume |
| Carrier type code |
nc |
| Source |
rdacarrier |
| 520 ## - SUMMARY, ETC. |
| Summary, etc. |
Little Bear finds a cave that is just the right size for him, but at bedtime he starts thinking about Big Bear, all alone in their big Bear Cave. |
| 650 #0 - SUBJECT ADDED ENTRY--TOPICAL TERM |
| Topical term or geographic name as entry element |
Bears |
| Form subdivision |
Juvenile fiction. |
| 650 #0 - SUBJECT ADDED ENTRY--TOPICAL TERM |
| Topical term or geographic name as entry element |
Self-reliance |
| Form subdivision |
Juvenile fiction. |
| 650 #7 - SUBJECT ADDED ENTRY--TOPICAL TERM |
| Topical term or geographic name as entry element |
Osos |
| Form subdivision |
Novela juvenil. |
| Source of heading or term |
bidex |
| 650 #7 - SUBJECT ADDED ENTRY--TOPICAL TERM |
| Topical term or geographic name as entry element |
Confianza en sí mismo |
| Form subdivision |
Novela juvenil. |
| Source of heading or term |
bidex |
| 700 1# - ADDED ENTRY--PERSONAL NAME |
| Personal name |
Firth, Barbara, |
| Relator term |
illustrator. |
| 700 1# - ADDED ENTRY--PERSONAL NAME |
| Personal name |
Rubio, Esther. |
| 942 ## - ADDED ENTRY ELEMENTS (KOHA) |
| Koha item type |
Libro/Book |